[Event "Isthmia op 1st"]
[Site "Vrachati"]
[Date "2011.08.22"]
[Round "5"]
[White "Spiropoulos, Panayotis"]
[Black "Drakaki, Anna Maria"]
[Result "1-0"]
[WhiteElo "2086"]
[BlackElo "1742"]
[PlyCount "107"]
[EventDate "2011.08.18"]
[EventType "swiss"]
[EventRounds "9"]
[EventCountry "GRE"]
[SourceTitle "CBM 144 Extra"]
[Source "ChessBase"]
[SourceDate "2011.10.28"]
[SourceVersion "1"]
[SourceVersionDate "2011.10.28"]
[SourceQuality "1"]

1. e4 c5 2. Nf3 Nc6 3. d4 cxd4 4. Nxd4 g6 5. c4 Bg7 6. Be3 Nf6 7. Nc3 0-0 8. h3 d6 9. Qd2 Nxd4 10. Bxd4 Be6 11. Be2 Rc8 12. b3 Qa5 13. Bf3 Nd7 14. Bxg7 Kxg7 15. Bg4 Nc5 16. Rb1 Qb4 17. Rc1 a5 18. Qd4+ Kg8 19. 0-0 Rc7 20. Nb5 Rd7 21. Bd1 a4 22. a3 Nxb3 23. axb4 Nxd4 24. Nxd4 a3 25. Bb3 Ra8 26. f4 Rc7 27. Nxe6 fxe6 28. Ba2 Ra4 29. b5 b6 30. f5 Rb4 31. fxg6 hxg6 32. Rb1 Ra4 33. Rf3 Kg7 34. Rbf1 d5 35. exd5 exd5 36. Rf7+ Kh6 37. Re1 dxc4 38. Rf4 Rb4 39. Rg4 Rb2 40. Re6 Rxa2 41. Rexg6+ Kh7 42. Rg7+ Kh8 43. Rg8+ Kh7 44. R8g5 Kh6 45. Rg8 Kh7 46. R4g7+ Kh6 47. g4 Rc5 48. g5+ Rxg5+ 49. Rxg5 Rb2 50. Rg4 Kh7 51. R4g7+ Kh6 52. Rg3 Kh7 53. R8g4 Rb1+ 54. Kf2 1-0

[Event "Heraklion op 7th"]
[Site "Heraklion"]
[Date "2011.08.11"]
[Round "7"]
[White "Milonakis, Georgios"]
[Black "Spiropoulos, Panayotis"]
[Result "1-0"]
[WhiteElo "2176"]
[BlackElo "2086"]
[PlyCount "87"]
[EventDate "2011.08.06"]
[EventType "swiss"]
[EventRounds "9"]
[EventCountry "GRE"]
[SourceTitle "CBM 144 Extra"]
[Source "ChessBase"]
[SourceDate "2011.10.28"]
[SourceVersion "1"]
[SourceVersionDate "2011.10.28"]
[SourceQuality "1"]

1. e4 c5 2. Nf3 Nc6 3. d4 cxd4 4. Nxd4 e5 5. Nb5 d6 6. c4 Be7 7. Be2 f5 8. exf5 Bxf5 9. N1c3 a6 10. Na3 Nf6 11. 0-0 0-0 12. Nc2 Rc8 13. Ne3 Be6 14. Bf3 Kh8 15. Bd5 Bd7 16. b3 Qe8 17. Ne4 Qg6 18. Ng3 b5 19. Bb2 Nb4 20. Bf3 Nd3 21. Qd2 e4 22. Bxf6 Qxf6 23. Nxe4 Qg6 24. Ng3 Rxf3 25. gxf3 Ne5 26. Qe2 Rf8 27. f4 Rxf4 28. f3 Bh3 29. Nd5 Qg5 30. Nxf4 Qxf4 31. Qe4 Qf6 32. Rae1 Bxf1 33. Rxf1 bxc4 34. bxc4 g6 35. Kg2 Kg7 36. Re1 Bd8 37. f4 Ng4 38. h3 Nh6 39. Re2 Nf5 40. Qxf5 gxf5 41. Nh5+ Kf7 42. Nxf6 Bxf6 43. Kf3 Bg7 44. Re3 1-0

[Event "Artemis Cup 3rd"]
[Site "Leros"]
[Date "2011.07.19"]
[Round "9"]
[White "Stanford, Maxim Barth"]
[Black "Spiropoulos, Panayotis"]
[Result "1-0"]
[WhiteElo "2376"]
[BlackElo "2086"]
[PlyCount "125"]
[EventDate "2011.07.12"]
[EventType "swiss"]
[EventRounds "9"]
[EventCountry "GRE"]
[SourceTitle "CBM 143 Extra"]
[Source "ChessBase"]
[SourceDate "2011.08.29"]
[SourceVersion "1"]
[SourceVersionDate "2011.08.29"]
[SourceQuality "1"]

1. e4 c5 2. Nf3 Nc6 3. Bb5 g6 4. Bxc6 dxc6 5. d3 Bg7 6. h3 Nf6 7. Nc3 Nd7 8. Be3 b6 9. Qd2 Nf8 10. Bh6 Bxh6 11. Qxh6 Ne6 12. 0-0 Qc7 13. e5 Nd4 14. Nxd4 cxd4 15. Qg7 Rf8 16. Ne4 h6 17. Rae1 Be6 18. Qxh6 0-0-0 19. Qf4 c5 20. Qg3 Bd5 21. a3 Bxe4 22. Rxe4 e6 23. Rfe1 Rd5 24. Rh4 Rfd8 25. Rh7 R8d7 26. b3 Re7 27. Qg5 Kb7 28. Qf6 Rdd7 29. h4 Re8 30. g4 Ka6 31. Re4 Rg8 32. Kf1 Qb7 33. Rh8 Rxh8 34. Qxh8 Rc7 35. Qe8 Qc8 36. Qxc8+ Rxc8 37. Kg2 Rh8 38. Kg3 Kb7 39. Re1 Kc6 40. f4 Kd5 41. h5 gxh5 42. Rh1 h4+ 43. Rxh4 Rf8 44. Kf3 b5 45. Rh7 c4 46. bxc4+ bxc4 47. dxc4+ Kxc4 48. Ke4 Kc3 49. Rh3+ Kxc2 50. Rd3 Rg8 51. g5 Rc8 52. Rxd4 Rc3 53. Ra4 Kd2 54. f5 Ke2 55. fxe6 fxe6 56. Kf4 Kf2 57. Kg4 Rg3+ 58. Kh5 Re3 59. Ra5 Kf3 60. Kg6 Kg4 61. Ra4+ Kf3 62. Kf6 Rb3 63. g6 1-0

[Event "Artemis Cup 3rd"]
[Site "Leros"]
[Date "2011.07.17"]
[Round "7"]
[White "Spiropoulos, Panayotis"]
[Black "Meszaros, Tamas"]
[Result "0-1"]
[WhiteElo "2086"]
[BlackElo "2462"]
[PlyCount "78"]
[EventDate "2011.07.12"]
[EventType "swiss"]
[EventRounds "9"]
[EventCountry "GRE"]
[SourceTitle "CBM 143 Extra"]
[Source "ChessBase"]
[SourceDate "2011.08.29"]
[SourceVersion "1"]
[SourceVersionDate "2011.08.29"]
[SourceQuality "1"]

1. e4 c5 2. Nf3 Nc6 3. d4 cxd4 4. Nxd4 Qc7 5. Nc3 e6 6. Be3 Nf6 7. Be2 a6 8. a4 Bb4 9. f3 d5 10. 0-0 Nxd4 11. Qxd4 Bd6 12. f4 e5 13. fxe5 Bxe5 14. Nxd5 Nxd5 15. Qxd5 Be6 16. Qc5 Bxh2+ 17. Kh1 Qxc5 18. Bxc5 Be5 19. c3 0-0-0 20. Be3 h5 21. b4 h4 22. Rad1 Rxd1 23. Rxd1 Bb3 24. Bg4+ Kb8 25. Rf1 f6 26. a5 Bxc3 27. Bf4+ Be5 28. Bxe5+ fxe5 29. Rc1 Ba4 30. Rc5 Re8 31. Kh2 Bc6 32. Bf5 Kc7 33. Kh3 Kd6 34. Kxh4 Rg8 35. Bg6 Rf8 36. Bf5 Bxe4 37. Bh3 Rf4+ 38. Kh5 Bc6 39. Kg6 Bxg2 0-1

[Event "Budapest FS08 IM-B"]
[Site "Budapest"]
[Date "2009.08.08"]
[Round "8"]
[White "Spiropoulos, Panayotis"]
[Black "Kislik, Erik Andrew"]
[Result "0-1"]
[WhiteElo "2114"]
[BlackElo "2342"]
[PlyCount "78"]
[EventDate "2009.08.01"]
[EventType "tourn"]
[EventRounds "9"]
[EventCountry "HUN"]
[SourceTitle "CBM 131 Extra"]
[Source "ChessBase"]
[SourceDate "2009.09.03"]
[SourceVersion "2"]
[SourceVersionDate "2009.09.16"]
[SourceQuality "1"]

1. e4 c5 2. Nf3 e6 3. d4 cxd4 4. Nxd4 a6 5. Nc3 d6 6. Be2 g6 7. 0-0 Bg7 8. Be3 Ne7 9. Qd2 0-0 10. Rad1 Qc7 11. Nb3 Rd8 12. Bf4 e5 13. Bg5 f6 14. Nd5 Nxd5 15. Qxd5+ Kh8 16. Be3 Nc6 17. c4 b6 18. Qd2 a5 19. a3 Be6 20. Qc3 f5 21. f3 f4 22. Bf2 g5 23. Rd3 h5 24. Rfd1 Bf6 25. Rd5 g4 26. Rb5 Rab8 27. a4 Rg8 28. Qd2 Be7 29. Nc1 Rg6 30. b3 Bf8 31. Na2 g3 32. hxg3 fxg3 33. Be3 Qe7 34. Kf1 Qh4 35. Bg1 Qh1 36. Qc3 h4 37. f4 h3 38. f5 Bh6 39. fxg6 hxg2+ 0-1

[Event "Budapest FS08 IM-B"]
[Site "Budapest"]
[Date "2009.08.06"]
[Round "6"]
[White "Balazs, Gabor1"]
[Black "Spiropoulos, Panayotis"]
[Result "1-0"]
[WhiteElo "2277"]
[BlackElo "2114"]
[PlyCount "107"]
[EventDate "2009.08.01"]
[EventType "tourn"]
[EventRounds "9"]
[EventCountry "HUN"]
[SourceTitle "CBM 131 Extra"]
[Source "ChessBase"]
[SourceDate "2009.09.03"]
[SourceVersion "2"]
[SourceVersionDate "2009.09.16"]
[SourceQuality "1"]

1. d4 d5 2. c4 e6 3. Nc3 Be7 4. cxd5 exd5 5. Bf4 Nf6 6. e3 Bf5 7. Nge2 c6 8. Ng3 Bg6 9. h4 h6 10. h5 Bh7 11. Bd3 Bxd3 12. Qxd3 0-0 13. Nf5 Re8 14. f3 c5 15. dxc5 Bxc5 16. 0-0-0 Na6 17. Nxd5 Nxd5 18. Qxd5 Qc8 19. Kb1 Nb4 20. Qd7 Rd8 21. Qxc8 Raxc8 22. Bd6 Bxd6 23. Nxd6 Rc7 24. Rd2 Rcd7 25. Rhd1 Kf8 26. a3 Na6 27. Rd4 Nc5 28. b4 Ne6 29. Nxb7 Rxd4 30. exd4 Rxd4 31. Rxd4 Nxd4 32. Nd6 a6 33. Ne4 Ke7 34. Nc5 Nb5 35. Kb2 Nc7 36. Kb3 Kd6 37. Kc4 Nb5 38. a4 Nc7 39. g4 Ke5 40. Nd3+ Kd6 41. b5 axb5+ 42. axb5 Ne8 43. Nb4 Kc7 44. Kc5 Kd7 45. b6 Nd6 46. Nd3 Nb7+ 47. Kd5 Na5 48. Ne5+ Kc8 49. Nxf7 Kb7 50. Nd8+ Kxb6 51. Ne6 Nb3 52. Nxg7 Nd2 53. f4 Kc7 54. g5 1-0

[Event "Ambelokipi op 55th"]
[Site "Athens"]
[Date "2004.??.??"]
[Round "?"]
[White "Koukoufikis, Alexandros"]
[Black "Spiropoulos, Panayotis"]
[Result "1-0"]
[WhiteElo "2245"]
[BlackElo "2150"]
[PlyCount "68"]
[EventDate "2004.10.18"]
[EventType "swiss"]
[EventRounds "9"]
[EventCountry "GRE"]
[SourceTitle "EXT 2007"]
[Source "ChessBase"]
[SourceDate "2006.11.23"]
[SourceVersion "1"]
[SourceVersionDate "2006.11.23"]
[SourceQuality "1"]

1. e4 c5 2. Nc3 Nc6 3. g3 g6 4. d3 d6 5. Be3 Bg7 6. Qd2 e6 7. Bg2 Nge7 8. Bh6 0-0 9. h4 f6 10. Be3 Nd4 11. Nce2 Nec6 12. c3 Nxe2 13. Nxe2 Ne5 14. h5 c4 15. dxc4 Nxc4 16. Qc1 Nxe3 17. Qxe3 e5 18. hxg6 hxg6 19. f4 a5 20. f5 Qe8 21. g4 Kf7 22. Qd3 Qc6 23. 0-0-0 Ra6 24. Rh7 b5 25. fxg6+ Kxg6 26. Qh3 Bxg4 27. Rxg7+ Kxg7 28. Qxg4+ Kf7 29. Bh3 Ke8 30. Qe6+ Kd8 31. Ng3 b4 32. Rxd6+ Qxd6 33. Qc8+ Ke7 34. Nf5+ Kf7 1-0

[Event "Ambelokipi op 55th"]
[Site "Athens"]
[Date "2004.??.??"]
[Round "?"]
[White "Spiropoulos, Panayotis"]
[Black "Khetsuriani, Besarion"]
[Result "1-0"]
[WhiteElo "2150"]
[BlackElo "2355"]
[PlyCount "81"]
[EventDate "2004.10.18"]
[EventType "swiss"]
[EventRounds "9"]
[EventCountry "GRE"]
[SourceTitle "EXT 2007"]
[Source "ChessBase"]
[SourceDate "2006.11.23"]
[SourceVersion "1"]
[SourceVersionDate "2006.11.23"]
[SourceQuality "1"]

1. e4 c5 2. Nf3 Nc6 3. d4 cxd4 4. Nxd4 Nf6 5. Nc3 e5 6. Ndb5 d6 7. Bg5 a6 8. Na3 b5 9. Nd5 Be7 10. Bxf6 Bxf6 11. c3 0-0 12. Nc2 Bg5 13. h4 Bh6 14. g4 Bf4 15. Qf3 Be6 16. Nxf4 Qf6 17. g5 Qxf4 18. Qxf4 exf4 19. Nd4 Nxd4 20. cxd4 Rac8 21. Kd2 f5 22. gxf6 Rxf6 23. Bd3 Rf7 24. Rhc1 Rfc7 25. Rxc7 Rxc7 26. a4 bxa4 27. Rxa4 Rb7 28. b4 Kf7 29. Rxa6 Rxb4 30. Rxd6 Rb2+ 31. Bc2 Bb3 32. Rc6 Bxc2 33. Rxc2 Rb3 34. Rc7+ Kf6 35. e5+ Kf5 36. Rxg7 Rb2+ 37. Kd3 Rxf2 38. Rf7+ Kg4 39. e6 Rf3+ 40. Kd2 Rf2+ 41. Ke1 1-0

[Event "Athens Acropolis op"]
[Site "Athens"]
[Date "2003.08.31"]
[Round "7"]
[White "Kouvatsos, Filippos"]
[Black "Spiropoulos, Panayotis"]
[Result "1-0"]
[WhiteElo "2067"]
[BlackElo "2152"]
[PlyCount "47"]
[EventDate "2003.08.25"]
[EventType "swiss"]
[EventRounds "9"]
[EventCountry "GRE"]
[SourceTitle "EXT 2004"]
[Source "ChessBase"]
[SourceDate "2003.11.25"]
[SourceVersion "1"]
[SourceVersionDate "2003.11.25"]
[SourceQuality "1"]

1. d4 Nf6 2. c4 g6 3. Nc3 d5 4. Bf4 Bg7 5. e3 c5 6. dxc5 Qa5 7. Qa4+ Qxa4 8. Nxa4 Ne4 9. cxd5 Bd7 10. Bd3 Bxa4 11. Bxe4 Nd7 12. Rc1 Bxb2 13. Rc4 Bb5 14. Rc2 Bg7 15. c6 bxc6 16. dxc6 Ne5 17. Bxe5 Bxe5 18. Rc5 Bf6 19. Rxb5 Bc3+ 20. Ke2 0-0 21. Nf3 a5 22. Rc1 Bb4 23. c7 Rac8 24. Bb7 1-0

[Event "Athens Acropolis op"]
[Site "Athens"]
[Date "2003.08.27"]
[Round "3"]
[White "Mitsakos, Achilles"]
[Black "Spiropoulos, Panayotis"]
[Result "0-1"]
[WhiteElo "1977"]
[BlackElo "2152"]
[PlyCount "68"]
[EventDate "2003.08.25"]
[EventType "swiss"]
[EventRounds "9"]
[EventCountry "GRE"]
[SourceTitle "EXT 2004"]
[Source "ChessBase"]
[SourceDate "2003.11.25"]
[SourceVersion "1"]
[SourceVersionDate "2003.11.25"]
[SourceQuality "1"]

1. e4 c5 2. c3 d5 3. exd5 Qxd5 4. d4 e6 5. Nf3 Nf6 6. Bd3 Nc6 7. 0-0 Be7 8. Re1 0-0 9. h3 Rd8 10. Be3 b6 11. Na3 cxd4 12. Bc4 Qa5 13. cxd4 Bxa3 14. bxa3 Qxa3 15. Qe2 Bb7 16. Rad1 Nd5 17. Bc1 Qd6 18. Qe4 Nc3 19. Qg4 Nxd1 20. Bh6 Qf8 21. Rxd1 Ne7 22. Ng5 Bd5 23. Bd3 Ng6 24. Nxh7 Kxh7 25. Bg5 Rd7 26. h4 Kg8 27. h5 Ne7 28. Bf6 Kh8 29. Bxe7 Qxe7 30. Re1 Qf6 31. Re3 Bb7 32. Qe2 Rxd4 33. Bb1 Rad8 34. Qc2 Qf5 0-1

[Event "Athens Acropolis op"]
[Site "Athens"]
[Date "2003.08.25"]
[Round "1"]
[White "Avrukh, Boris"]
[Black "Spiropoulos, Panayotis"]
[Result "1-0"]
[WhiteElo "2557"]
[BlackElo "2152"]
[PlyCount "73"]
[EventDate "2003.08.25"]
[EventType "swiss"]
[EventRounds "9"]
[EventCountry "GRE"]
[SourceTitle "EXT 2004"]
[Source "ChessBase"]
[SourceDate "2003.11.25"]
[SourceVersion "1"]
[SourceVersionDate "2003.11.25"]
[SourceQuality "1"]

1. d4 Nf6 2. c4 g6 3. Nc3 d5 4. Nf3 Bg7 5. cxd5 Nxd5 6. e4 Nxc3 7. bxc3 c5 8. Rb1 0-0 9. Be2 cxd4 10. cxd4 Qa5+ 11. Bd2 Qxa2 12. 0-0 Nd7 13. Bb4 Nb6 14. Ra1 Qe6 15. Bd3 f6 16. Rc1 Rd8 17. Rc7 Rd7 18. Rc5 Qf7 19. Qe2 e5 20. Rfc1 Kh8 21. dxe5 Qb3 22. Bc3 fxe5 23. Rxe5 h6 24. Qe3 Kh7 25. Rb5 Qa3 26. Ra5 Qb3 27. Bxg7 Kxg7 28. Ne5 Re7 29. Rb1 Qc3 30. Rc5 Qa3 31. Qd4 Kh7 32. Ra1 Qb3 33. Rb5 Qe6 34. f4 Rb8 35. Rxa7 Nd7 36. Nxg6 Qc6 37. Nxe7 1-0

[Event "Chania Bouzakis op"]
[Site "Chania"]
[Date "2000.08.24"]
[Round "7.5"]
[White "Spiropoulos, Panayotis"]
[Black "Gelasakis, Konstantinos"]
[Result "1-0"]
[WhiteElo "2068"]
[BlackElo "1785"]
[PlyCount "77"]
[EventDate "2000.08.19"]
[EventType "swiss"]
[EventRounds "9"]
[EventCountry "GRE"]
[SourceTitle "EXT 2004"]
[Source "ChessBase"]
[SourceDate "2003.11.25"]
[SourceVersion "1"]
[SourceVersionDate "2003.11.25"]
[SourceQuality "1"]

1. e4 c5 2. Nf3 Nc6 3. d4 cxd4 4. Nxd4 Nf6 5. Nc3 d6 6. Nd5 Nxd5 7. exd5 Qa5+ 8. Bd2 Qxd5 9. Nb5 Qe6+ 10. Be2 Qd7 11. 0-0 a6 12. Nc3 e6 13. f4 Be7 14. Kh1 0-0 15. a3 Rb8 16. Bd3 b5 17. b4 f5 18. Qe1 Bf6 19. Rd1 Bb7 20. Ne2 Ne7 21. Qf2 Qc6 22. Rg1 g6 23. Rc1 e5 24. c4 Qd7 25. Bb1 bxc4 26. Rxc4 Bd5 27. Rc3 Nc6 28. Bc2 Rfc8 29. Ba4 Qf7 30. Rgc1 Na7 31. Rxc8+ Rxc8 32. Nc3 Bc4 33. Qb6 d5 34. fxe5 Bxe5 35. Be3 Nc6 36. Bxc6 Qf6 37. Nxd5 Qh4 38. Bg1 Rb8 39. Qe3 1-0

[Event "Chania Bouzakis op"]
[Site "Chania"]
[Date "2000.08.23"]
[Round "6.2"]
[White "Shavtvaladze, Nikoloz"]
[Black "Spiropoulos, Panayotis"]
[Result "1-0"]
[WhiteElo "2314"]
[BlackElo "2063"]
[PlyCount "57"]
[EventDate "2000.08.19"]
[EventType "swiss"]
[EventRounds "9"]
[EventCountry "GRE"]
[SourceTitle "EXT 2004"]
[Source "ChessBase"]
[SourceDate "2003.11.25"]
[SourceVersion "1"]
[SourceVersionDate "2003.11.25"]
[SourceQuality "1"]

1. e4 e5 2. Nf3 Nc6 3. d4 exd4 4. Nxd4 Bc5 5. Nxc6 Qf6 6. Qd2 dxc6 7. Nc3 Bd7 8. Bd3 0-0-0 9. 0-0 Ne7 10. Kh1 Ng6 11. f4 Qe7 12. Qe1 f6 13. Na4 Bd6 14. Be3 Bb4 15. Qf2 b6 16. a3 Bd6 17. b4 Nf8 18. c4 c5 19. Nc3 Bc6 20. Nd5 Bxd5 21. cxd5 Nd7 22. Qc2 Kb7 23. Rac1 g5 24. Qa4 Nb8 25. bxc5 Bxf4 26. c6+ Ka8 27. Ba6 Nxa6 28. Qxa6 Rb8 29. Rc4 1-0

[Event "Chania Bouzakis op"]
[Site "Chania"]
[Date "2000.08.21"]
[Round "3.9"]
[White "Pasadakis, D."]
[Black "Spiropoulos, Panayotis"]
[Result "0-1"]
[WhiteElo "1205"]
[BlackElo "1970"]
[PlyCount "56"]
[EventDate "2000.08.19"]
[EventType "swiss"]
[EventRounds "9"]
[EventCountry "GRE"]
[SourceTitle "EXT 2004"]
[Source "ChessBase"]
[SourceDate "2003.11.25"]
[SourceVersion "1"]
[SourceVersionDate "2003.11.25"]
[SourceQuality "1"]

1. e4 e5 2. Nf3 Nc6 3. d4 exd4 4. Nxd4 Bc5 5. Be3 Qf6 6. c3 Qg6 7. f3 Nge7 8. Na3 a6 9. Nac2 Bd6 10. Qd2 Bxh2 11. Rxh2 Qg3+ 12. Qf2 Qxh2 13. Rd1 d6 14. Bc4 Ne5 15. Bb3 c5 16. Ba4+ b5 17. Bxb5+ axb5 18. Nxb5 0-0 19. Nxd6 Rxa2 20. Rb1 Nd3+ 21. Ke2 Nxf2 22. Bxf2 Ba6+ 23. Kd1 Qxg2 24. Be1 Rd8 25. e5 Qxf3+ 26. Kc1 Nf5 27. Ra1 Nxd6 28. Rxa2 Nc4 0-1

[Event "Chania Bouzakis op"]
[Site "Chania"]
[Date "2000.08.20"]
[Round "2.1"]
[White "Spiropoulos, Panayotis"]
[Black "Zahariev, Zahari"]
[Result "0-1"]
[WhiteElo "2063"]
[BlackElo "2425"]
[PlyCount "82"]
[EventDate "2000.08.19"]
[EventType "swiss"]
[EventRounds "9"]
[EventCountry "GRE"]
[SourceTitle "EXT 2004"]
[Source "ChessBase"]
[SourceDate "2003.11.25"]
[SourceVersion "1"]
[SourceVersionDate "2003.11.25"]
[SourceQuality "1"]

1. e4 c5 2. Nf3 a6 3. d4 cxd4 4. Nxd4 Nf6 5. Nc3 e5 6. Nb3 Bb4 7. Bd2 Nc6 8. Bd3 d5 9. exd5 Nxd5 10. Nxd5 Qxd5 11. 0-0 Be6 12. Qe2 Bxd2 13. Nxd2 0-0 14. Qe4 f5 15. Qxd5 Bxd5 16. Bc4 Rad8 17. Bxd5+ Rxd5 18. Nb3 b5 19. Rad1 Rfd8 20. Rxd5 Rxd5 21. Rc1 a5 22. Kf1 a4 23. Na1 Kf7 24. Ke1 Ke6 25. Rd1 e4 26. Rxd5 Kxd5 27. Kd2 Ne5 28. Ke2 f4 29. h3 g5 30. c3 Nd3 31. Nc2 Nxb2 32. a3 Nc4 33. g4 Ne5 34. Nd4 Kc4 35. Nf5 Kxc3 36. Nd6 b4 37. axb4 a3 38. Nb5+ Kxb4 39. Nd4 a2 40. Nc2+ Kc3 41. Kd1 Kb2 0-1